Optimalizácia daní z príjmov vo vzťahu k cenám dizertačná práca
Na minha lista:
| Autor principal: | |
|---|---|
| Autor Corporativo: | |
| Outros Autores: | |
| Formato: | Livro |
| Idioma: | eslovaco |
| Publicado em: |
Bratislava
2005
|
| Assuntos: | |
| Tags: |
Sem tags, seja o primeiro a adicionar uma tag!
|
MARC
| LEADER | 00000nam$a2200000$$$4500 | ||
|---|---|---|---|
| 001 | 0054842 | ||
| 005 | 20240104134451.1 | ||
| 041 | 0 | |a slo | |
| 044 | |a SK | ||
| 245 | 1 | 0 | |a Optimalizácia daní z príjmov vo vzťahu k cenám |b dizertačná práca |c Martin Babiak ; školiteľ: Ján Petrenka |
| 264 | 1 | |a Bratislava |c 2005 | |
| 300 | |a 195 s. | ||
| 610 | 2 | 0 | |a teórie daňové |
| 610 | 2 | 0 | |a hospodárstvo národné |
| 610 | 2 | 0 | |a analýzy |
| 610 | 2 | 0 | |a modely |
| 610 | 2 | 0 | |a ceny maloobchodné |
| 610 | 2 | 0 | |a optimalizácia daňová |
| 610 | 2 | 0 | |a teórie ekonomické |
| 610 | 2 | 0 | |a vzorce kalkulačné |
| 100 | 1 | |a Babiak, Martin | |
| 700 | 1 | |a Petrenka, Ján | |
| 710 | 2 | |a Národohospodárska fakulta EU. Katedra bankovníctva a medzinárodných financií | |